LEADER 00967nam a2200229 a 4500 001 000000141367 003 CaOOAMICUS 005 20150122110831.0 008 150122s1954 it u000 u ita r 040 $aPUL$bita 100 1 $aRomeo, Rosario,$d1924-1987.$0(OLS)http://pul/name/487 245 13$aLe scoperte americane nella coscienza italiana del Cinquecento /$cRosario Romeo. 260 $aMilano ;$aNapoli :$bR. Ricciardi,$c1954. 300 $a140 p. ;$c23 cm 651 4$aAmerica$xScoperta ed esplorazione.$0(OLS)http://pul/subject/23028 850 $aPUL 852 $aPUL$W1$xDP1 Fondo Capitani$y116$m4 A 98$j163189$qFondi$B163050$CPULBib$Z2$F163050 $HCap722 $82 941 1 $a1 961 $aNota ms. di possesso: Capitani. 996 $6245$aLe scoperte americane nella coscienza italiana del Cinquecento$9(OLS)http://pul/title/178888 996 $6260$aMilano ;$aNapoli :$bR. Ricciardi$9(OLS)http://pul/publisher/50999 LEADER 01486namaa2200313 i 4500 001 000000177658 003 CaOOAMICUS 005 20250401161535.0 007 tu 008 250401s2023 it m 000 u por r 040 $aPUL$bita$erda 100 1 $aAparecida Serapião, Zilá,$eautore dissertazione.$0(OLS)http://pul/name/114305 245 12$aO consentimento coagido :$bfator de nulidade à la luz do cânone 1103 /$cZilá Aparecida Serapião. 264 1$aSâo Paulo :$b[s.n.],$c2023. 300 $a237 pagine ;$c24 cm 336 $atesto$btxt$2rdacontent 337 $asenza mediazione$bn$2rdamedia 338 $avolume$bnc$2rdacarrier 500 $aTesi di Dottorato, Faculdade de Direito Canonico São Paulo Apostolo, São Paulo, 2023. 504 $aFonti e bibliografia: pagine 227-237. 650 4$aMatrimonio (diritto canonico)$xImpedimenti.$0(OLS)http://pul/subject/40974 650 4$aMatrimonio (diritto canonico)$xConsenso.$0(OLS)http://pul/subject/20232 710 2 $aFaculdade de Direito Canônico Sao Paulo Apóstolo (Sao Paulo, Brasil)$kTesi.$0(OLS)http://pul/name/114302 850 $aPUL 852 $aPUL$W1$xDP1 Tesi Varie$y51$m2023 C 6$j200238$qTesi$B206633$CPULBib$Z2$F206633 $Hnull $82 941 1 $a16 996 $6245$aO consentimento coagido :$bfator de nulidade à la luz do cânone 1103$9(OLS)http://pul/title/219200 996 $6264$aSâo Paulo :$b[s.n.]$9(OLS)http://pul/publisher/56927